Name That Famous Landmark - Europe - Statistics

General Stats
  • This quiz has been taken 457 times
  • The average score is 15 of 20
Answer Stats
Picture Answer % Correct
Eiffel Tower
100%
Stonehenge
98%
Big Ben
97%
Colosseum
97%
Leaning Tower Of Pisa
97%
The Louvre
96%
Brandenburg Gate
87%
Tower Bridge
86%
Parthenon
77%
Trevi Fountain
77%
Arc de Triomphe
76%
La Sagrada Familia
75%
Hagia Sophia
66%
Acropolis
59%
St. Basil’s Cathedral
57%
Mont-Saint-Michel
54%
Neuschwanstein Castle
51%
Atomium
44%
Cologne Cathedral
40%
Bran Castle
29%
No matching quizzes found
Score Distribution
Percent of People with Each Score
Percentile by Number Answered
Your Score History
You have not taken this quiz